Grootste metropolen in de VS - Statistieken

Algemene statistieken
  • Deze quiz is 476 keer genomen
  • De gemiddelde score is 28 van 100
Antwoorden op de kaart
Antwoorden kleurgecodeerd door een groen-rode schaal op de quizkaart volgens % correct hieronder.
 
Antwoordstatistieken
Inwoners Metropool % Correct
19,979,477 New York
99%
13,291,486 Los Angeles
91%
6,198,782 Miami
88%
9,498,716 Chicago
85%
6,249,950 Washington D.C.
82%
2,231,647 Las Vegas
81%
6,997,384 Houston
77%
4,729,484 San Francisco
76%
7,539,711 Dallas
71%
4,875,390 Boston
70%
3,939,363 Seattle
67%
3,343,364 San Diego
66%
5,949,951 Atlanta
64%
2,932,415 Denver
62%
4,326,442 Detroit
61%
1,270,399 New Orleans
58%
6,096,372 Philadelphia
57%
2,168,316 Austin
56%
4,857,962 Phoenix
52%
2,478,810 Portland, OR
51%
2,048,703 Indianapolis
47%
1,222,540 Salt Lake City
44%
580,166 Jackson, MS
43%
2,143,651 Kansas City
43%
1,350,620 Memphis
43%
3,629,190 Minneapolis
43%
1,396,445 Oklahoma City
43%
2,572,962 Orlando
43%
980,080 Honolulu
42%
2,345,210 Sacramento
39%
1,930,961 Nashville
38%
3,142,663 Tampa
37%
2,518,036 San Antonio
35%
1,534,701 Jacksonville
32%
2,569,213 Charlotte
31%
2,802,789 Baltimore
30%
1,999,107 San José
30%
2,805,465 St. Louis
30%
2,057,009 Cleveland
29%
1,576,113 Milwaukee
29%
1,297,301 Louisville
26%
2,324,743 Pittsburgh
26%
1,039,073 Tucson
26%
915,927 Albuquerque
24%
2,106,541 Columbus
24%
845,553 El Paso
24%
730,426 Boise
22%
883,169 Albany
19%
1,130,152 Buffalo
19%
942,198 Omaha
19%
1,306,172 Richmond
19%
1,728,733 Virginia Beach
19%
2,190,209 Cincinnati
18%
1,362,540 Raleigh
18%
631,761 Springfield, MA
18%
993,797 Tulsa
17%
831,310 Baton Rouge
16%
787,643 Charleston, SC
15%
655,409 Des Moines
15%
1,151,801 Birmingham
14%
738,939 Colorado Springs
13%
832,666 Columbia, SC
12%
660,422 Madison
12%
1,621,337 Providence
12%
1,206,300 Hartford
11%
741,104 Little Rock
11%
994,400 Fresno
10%
1,071,082 Rochester
10%
574,659 Harrisburg
9%
896,764 Bakersfield
8%
883,309 Knoxville
8%
604,167 Augusta
7%
754,610 Fort Myers
6%
857,620 New Haven
6%
4,622,361 San Bernardino
6%
573,493 Spokane
6%
602,871 Toledo
6%
767,711 Greensboro
5%
752,660 Stockton
5%
650,502 Syracuse
5%
644,888 Wichita
5%
560,793 Chattanooga
4%
1,069,405 Grand Rapids
4%
555,485 Scranton
4%
947,866 Worcester
4%
842,913 Allentown
3%
943,823 Bridgeport
3%
806,548 Dayton
3%
659,605 Daytona Beach
3%
906,626 Greenville
3%
633,768 Provo
3%
671,456 Winston-Salem
3%
704,845 Akron
2%
575,412 Durham
2%
865,939 McAllen
2%
596,849 Melbourne, FL
2%
675,067 Ogden
2%
708,009 Lakeland
1%
850,967 Oxnard
1%
821,573 Sarasota
1%
Geen overeenkomende quizzen gevonden
Scoreverdeling
Procent van Mensen met Elke Score
Percentiel versus Aantal Correcte Antwoorden
Uw Scoregeschiedenis
U heeft deze quiz nog niet genomen